| 000 | 00998naa a22002657a 4500 | ||
|---|---|---|---|
| 001 | BR7405046 | ||
| 003 | BR-BrBNA | ||
| 005 | 20240918173600.0 | ||
| 007 | ta | ||
| 008 | 230509b bl.||||| |||| 00| 0 por d | ||
| 040 |
_aBR-BrBNA _bpor _cBiblioteca Nacional de Agricultura |
||
| 041 | _a(Pt) | ||
| 072 | _aU10 | ||
| 090 | _aU10 BR7405046 | ||
| 100 | 1 | _aWagner, J. | |
| 111 | 1 |
_a2. Congresso Florestal Brasileiro _cCuritiba, PR (Brazil) _d17 Sep 1973 |
|
| 245 | 1 | _aCalculo de areas de poligonos cujos vertices estao determinados por coordenados cartesianas [levantamento topografico] | |
| 260 | 3 |
_aCuritiba, PR (Brasil): _c1974. |
|
| 500 | _aAnais do 2. Congresso Florestal Brasileiro Curitiba, PR (Brasil): 1974. p. 205-207 (BR7405046-AM)U10 | ||
| 650 | _aMATEMATICA | ||
| 650 | _aLEVANTAMENTO TOPOGRAFICO | ||
| 773 | 0 |
_tAnais do 2. Congresso Florestal Brasileiro _wU10 BR7405046 _gCuritiba, PR (Brasil), 1974. p. 205-207 |
|
| 909 |
_a202404 _bLucia _c55 _dLucia Elande |
||
| 942 |
_cAM _2AGRIS |
||
| 999 |
_c305558 _d305558 |
||